Excavaciones en la necrópolis visigoda de Daganzo de Arriba (Madrid) (Record no. 181811)

MARC details
000 -LEADER
campo de control de longitud fija 01066nam a2200229 i 4500
001 - NÚMERO DE CONTROL
campo de control 181811
003 - IDENTIFICADOR DE NÚMERO DE CONTROL
campo de control ES-MaACL
005 - FECHA Y HORA DE LA ÚLTIMA TRANSACCIÓN
campo de control 20230906221447.0
008 - DATOS DE LONGITUD FIJA--INFORMACIÓN GENERAL
campo de control de longitud fija 130327s1931 sp | |||| ||spa d
080 ## - NÚMERO DE LA CLASIFICACIÓN DECIMAL UNIVERSAL
Número de la Clasificación Decimal Universal 904(460.27):7.033.4
100 1# - ENTRADA PRINCIPAL--NOMBRE DE PERSONA
Nombre de persona Fernández Godín, Saturio.
9 (RLIN) 152543
245 10 - MENCIÓN DEL TÍTULO
Título Excavaciones en la necrópolis visigoda de Daganzo de Arriba (Madrid)
Resto del título : memoria de los trabajos realizados en 1930 /
Mención de responsabilidad, etc. presentada por el concesionario Saturio Fernández Godín y José Pérez de Barradas.
260 ## - PUBLICACIÓN, DISTRIBUCIÓN, ETC.
Lugar de publicación, distribución, etc. Madrid :
Nombre del editor, distribuidor, etc. [s.n.],
Fecha de publicación, distribución, etc. 1931 (
Fabricante Tipografía de Archivos)
300 ## - DESCRIPCIÓN FÍSICA
Extensión 15 p., XIV h. de lám. ;
Dimensiones 24 cm.
490 1# - MENCIÓN DE SERIE
Mención de serie Junta Superior de Excavaciones y Antigüedades ;
Designación de volumen o secuencia n. 114 = n. 3, 1930
651 #4 - PUNTO DE ACCESO ADICIONAL DE MATERIA--NOMBRE GEOGRÁFICO
Nombre geográfico Daganzo de Arriba-
Subdivisión general Restos arqueológicos visigóticos.
9 (RLIN) 152544
700 1# - ENTRADA AGREGADA--NOMBRE PERSONAL
Nombre de persona Pérez de Barradas, José.
9 (RLIN) 90766
710 2# - ENTRADA AGREGADA--NOMBRE DE ENTIDAD CORPORATIVA
Nombre de entidad corporativa o nombre de jurisdicción como elemento de entrada España.
Unidad subordinada Junta Superior de Excavaciones y Antigüedades.
9 (RLIN) 152463
830 0# - PUNTO DE ACCESO ADICIONAL DE SERIE-TÍTULO UNIFORME
Título uniforme Junta Superior de Excavaciones y Antigüedades ;
Designación de volumen o secuencia n. 114 = n. 3, 1930
9 (RLIN) 191570
852 ## - LOCALIZACIÓN
Ubicación ES-MaACL
Número de control de estantería E-3379(3)
Holdings
Estatus retirado Estado de pérdida Estado de daño No para préstamo Biblioteca de origen Biblioteca actual Ubicación en estantería Fecha de adquisición Fuente de adquisición Total de préstamos Signatura topográfica completa Código de barras Visto por última vez Precio de reemplazo Tipo de ítem Koha
        Biblioteca del Ateneo de Madrid Biblioteca del Ateneo de Madrid Depósito 2 27/03/2013     E-3379(3) 1191061 23/02/2023 23/02/2023 Libro impreso